000 00499cam a22001695a 4500
001 L141719
008 071217i18881906xxk f 000 0 eng d
035 _a(Sirsi) u141719
041 0 _aeng
110 2 _aAuctioneers' Institute of the United Kingdom
_93785
245 0 0 _aAnnual reports 1888-1906
260 _aLondon
_bAuctioneers' Institute of the United Kingdom
_c1888-1906
300 _a1 v.
_c34 cm.
651 4 _aUnited Kingdom
_y
690 _aABOUT RICS-RELATED ORGANISATIONS
942 _n0
999 _c107747
_d107747